[Event "U.S. Amateur North"]
[Site "Detroit, MI"]
[Date "1998.??.??"]
[Round "?"]
[White "Ballicora, Miguel"]
[Black "Moore, Robert"]
[Result "1-0"]
[WhiteElo "2055"]
[BlackElo "1605"]
[PlyCount "51"]
[EventDate "1998.05.??"]

{5/23} 1. d4 g6 2. Nf3 Bg7 3. e4 d6 4. c4 Nd7 5. Nc3 e5 6. Be2 Ne7 7. O-O O-O
8. Kh1 exd4 9. Nxd4 Ne5 10. Bg5 N5c6 11. Nxc6 bxc6 12. Qd2 Be6 13. Rad1 f6 14.
Bh4 g5 15. Bg3 Ng6 16. c5 dxc5 17. Qc2 Qe7 18. Na4 f5 19. Nxc5 Kh8 20. Nxe6
Qxe6 21. exf5 Qxf5 22. Bd3 Qf6 23. b3 Qc3 24. Bxg6 hxg6 25. Qxg6 Qc5 26. Rd7
1-0

[Event "U.S. Amateur North"]
[Site "Detroit, MI"]
[Date "1998.??.??"]
[Round "?"]
[White "Ballicora, Miguel"]
[Black "Goebel, T."]
[Result "1-0"]
[WhiteElo "2055"]
[BlackElo "1605"]
[PlyCount "109"]
[EventDate "1998.05.??"]

{5/23} 1. d4 Nf6 2. Nf3 g6 3. c4 c5 4. Nc3 cxd4 5. Nxd4 Bg7 6. e4 d6 7. Be2 Nc6
8. Nc2 O-O 9. O-O a6 10. Be3 Bd7 11. f3 Qc7 12. Rc1 Ne5 13. Na3 Be6 14. Qd2
Rfd8 15. Nd5 Bxd5 16. exd5 Ned7 17. Nc2 a5 18. Nd4 Nc5 19. Rfe1 b6 20. Bf1 Nfd7
21. Bh6 Ne5 22. Bxg7 Kxg7 23. f4 Ng4 24. Qe2 Nf6 25. Qxe7 Qxe7 26. Rxe7 Nfe4
27. Ne6+ Nxe6 28. dxe6 Re8 29. Rxf7+ Kg8 30. Rb7 Rab8 31. Rxb8 Rxb8 32. g3 Re8
33. Bg2 Nc5 34. Rd1 Kf8 35. Rxd6 Rxe6 36. Rxe6 Nxe6 37. Kf2 Ke7 38. Ke3 Kd6 39.
Bd5 Nf8 40. Kd4 Nd7 41. b3 Ke7 42. a3 Kd6 43. b4 a4 44. Bf3 b5 45. cxb5 Nb6 46.
Bd1 Kc7 47. g4 Kd6 48. Bc2 Ke6 49. f5+ Kf6 50. fxg6 hxg6 51. h4 Kf7 52. h5 gxh5
53. gxh5 Kg7 54. Bf5 Na8 55. b6 1-0

[Event "Lansing Mini-Swiss.1"]
[Site "Lansing, MI"]
[Date "1998.??.??"]
[Round "?"]
[White "Ballicora, Miguel"]
[Black "Ford, William"]
[Result "1-0"]
[WhiteElo "2085"]
[BlackElo "1875"]
[PlyCount "63"]
[EventDate "1998.??.??"]

1. e4 e6 2. d3 d5 3. Nd2 c5 4. Ngf3 Nc6 5. g3 Bd6 6. Bg2 Nf6 7. O-O O-O 8. Re1
Qc7 9. Qe2 Nd7 10. Nh4 Nd4 11. Qd1 Nf6 12. f4 Be7 13. c3 Nc6 14. e5 Nd7 15.
Ndf3 b5 16. d4 cxd4 17. cxd4 Nb4 18. Re2 Ba6 19. a3 Nc6 20. b4 Nb6 21. f5 Bc8
22. Qd3 exf5 23. Nxf5 a6 24. Bg5 Bxg5 25. Nxg5 g6 26. Ne3 Be6 27. Rf1 Rad8 28.
Rf4 Qa7 29. h4 Nc4 30. Ng4 Bf5 31. Rxf5 gxf5 32. Nf6+ 1-0

[Event "U.S. Amateur North"]
[Site "Detroit, MI"]
[Date "1998.??.??"]
[Round "?"]
[White "Ballicora, Miguel"]
[Black "Cole, J."]
[Result "0-1"]
[WhiteElo "2055"]
[BlackElo "1930"]
[PlyCount "55"]
[EventDate "1998.05.??"]

{5/24} 1. d4 Nf6 2. Nf3 e6 3. c4 c5 4. d5 exd5 5. cxd5 d6 6. Nc3 g6 7. Bg5 Bg7
8. e4 O-O 9. Nd2 Nbd7 10. Be2 a6 11. a4 Qc7 12. O-O Re8 13. Qc2 Rb8 14. a5 Ra8
15. Nc4 b5 16. axb6 Nxb6 17. Ra3 Nxc4 18. Bxc4 h6 19. Bh4 Nd7 20. Rfa1 Nb8 21.
Bg3 Bb7 22. f4 Qe7 23. e5 dxe5 24. f5 gxf5 25. Qxf5 Bc8 26. Qh5 Qg5 27. Qxg5
hxg5 28. Ne4 0-1

[Event "Michigan Open"]
[Site "Flint, MI"]
[Date "1998.??.??"]
[Round "?"]
[White "Ballicora, Miguel"]
[Black "Ciaffone, Bob"]
[Result "1/2-1/2"]
[WhiteElo "2055"]
[BlackElo "2200"]
[PlyCount "139"]
[EventDate "1998.09.??"]

{9/7} 1. d4 d5 2. c4 e6 3. Nc3 c6 4. e3 Nf6 5. Nf3 Nbd7 6. Bd3 dxc4 7. Bxc4 b5
8. Bd3 a6 9. e4 c5 10. e5 cxd4 11. Nxb5 Ng4 12. Nd6+ Bxd6 13. exd6 Qa5+ 14. Bd2
Qd5 15. O-O O-O 16. Re1 Ngf6 17. Bf4 Bb7 18. Bf1 Rfe8 19. Be5 Nxe5 20. Rxe5
Qxd6 21. Qxd4 Red8 22. Qxd6 Rxd6 23. Ra5 Rc8 24. Ne1 Rd5 25. Rxd5 Nxd5 26. Rd1
g6 27. Rd4 Rc1 28. Nd3 Rd1 29. Rc4 a5 30. Rc1 Rd2 31. Nc5 Rxb2 32. Nxb7 Rxb7
33. Rc8+ Kg7 34. Ra8 Rb1 35. Rxa5 Ra1 36. g3 Nc3 37. Kg2 Rxa2 38. Rxa2 Nxa2 39.
Kf3 Nc3 40. Bd3 f5 41. Ke3 Kf6 42. Kd4 Nd5 43. Bc4 Ne7 44. f4 h6 45. h4 Nc8 46.
Be2 Nd6 47. Bf3 Nf7 48. Ke3 e5 49. fxe5+ Kxe5 50. Bc6 Nd6 51. Bd7 Ne4 52. Kf3
Nf6 53. Ba4 Kd4 54. Bb3 Nd5 55. Ba4 Ke5 56. Be8 Kf6 57. Bc6 Ne7 58. Ba4 g5 59.
hxg5+ Kxg5 60. Bb3 Ng6 61. Bd1 Ne5+ 62. Ke3 Ng6 63. Kf3 h5 64. Be2 h4 65. gxh4+
Nxh4+ 66. Kg3 f4+ 67. Kf2 Kf5 68. Bd3+ Kg5 69. Be4 Ng6 70. Bxg6 1/2-1/2

[Event "Lansing Action Quads"]
[Site "Lansing, MI"]
[Date "1998.??.??"]
[Round "?"]
[White "Ballicora, Miguel"]
[Black "Carl, Kevin"]
[Result "1-0"]
[WhiteElo "2100"]
[BlackElo "1705"]
[PlyCount "55"]
[EventDate "1998.??.??"]

1. d4 Nf6 2. c4 g6 3. Nc3 Bg7 4. e4 d6 5. Nf3 O-O 6. Be2 e5 7. d5 a5 8. Bg5 h6
9. Bh4 Na6 10. Nd2 Qe8 11. O-O Nh7 12. a3 Bd7 13. Rb1 a4 14. Nb5 Bxb5 15. cxb5
Nc5 16. f3 h5 17. b6 Bh6 18. Nc4 Qd7 19. Bf2 Rfe8 20. Qe1 Rad8 21. bxc7 Qxc7
22. Qb4 Nf6 23. Nxd6 b6 24. Nxe8 Rxe8 25. Bb5 Ra8 26. Rfd1 Qd6 27. Bc6 Ra7 28.
Qxb6 1-0

[Event "Michigan Open"]
[Site "Flint, MI"]
[Date "1998.??.??"]
[Round "?"]
[White "Ballicora, Miguel"]
[Black "Calton, Bill"]
[Result "1-0"]
[WhiteElo "2055"]
[BlackElo "2235"]
[PlyCount "75"]
[EventDate "1998.09.??"]

{9/6} 1. d4 d5 2. c4 Nc6 3. Nf3 Bg4 4. cxd5 Bxf3 5. dxc6 Bxc6 6. Nc3 Nf6 7. f3
e5 8. dxe5 Nd7 9. e4 Bc5 10. Bf4 Qe7 11. Qc2 O-O-O 12. O-O-O Nxe5 13. Bb5 Bxb5
14. Nxb5 c6 15. Nc3 Ng6 16. Bg3 h5 17. Na4 Bd4 18. Kb1 Qb4 19. Be1 Qb5 20. Nc3
Qg5 21. Nd5 Be5 22. h4 Qh6 23. Bd2 Qh7 24. Be3 Bb8 25. Qa4 Rxd5 26. exd5 Nf4+
27. Ka1 Nxd5 28. Rxd5 cxd5 29. Rc1+ Kd8 30. Qa5+ Ke7 31. Qxd5 Qg8 32. Bc5+ Kf6
33. Qg5+ Ke6 34. Re1+ Kd7 35. Qd5+ Kc8 36. Re7 Bd6 37. Qxb7+ Kd8 38. Qd7# 1-0

[Event "Lansing Action Quads"]
[Site "Lansing, MI"]
[Date "1998.??.??"]
[Round "?"]
[White "Ballicora, Miguel"]
[Black "Baze, Lineas"]
[Result "1-0"]
[WhiteElo "2085"]
[BlackElo "2135"]
[PlyCount "80"]
[EventDate "1998.??.??"]

1. e4 c5 2. Nf3 Nc6 3. d4 cxd4 4. Nxd4 Nf6 5. Nc3 e5 6. Ndb5 d6 7. Bg5 a6 8.
Na3 b5 9. Nd5 Be7 10. Bxf6 Bxf6 11. c3 O-O 12. Nc2 Rb8 13. Be2 Bg5 14. O-O Ne7
15. Ncb4 Bb7 16. Nxe7+ Qxe7 17. Nd5 Qd8 18. Qd3 Rc8 19. a4 bxa4 20. Rxa4 Rc5
21. b4 Rc8 22. Ra3 f5 23. exf5 e4 24. Qd4 Rxf5 25. Bg4 Re5 26. Bxc8 Qxc8 27.
Ne3 Qe6 28. c4 Bf6 29. Qd2 Rh5 30. Qc2 Rg5 31. Nd5 Be5 32. f4 Bd4+ 33. Kh1 Rf5
34. Qd1 Ba7 35. Ne3 Rf6 36. Qg4 Qf7 37. Rd1 Rxf4 38. Qe2 Rf2 39. Qe1 Bb8 40.
Nd5 Ba7 {[Remainder unavailable]} 1-0

[Event "Kalamazoo Mini-Swiss.3"]
[Site "Kalamazoo, MI"]
[Date "1998.??.??"]
[Round "?"]
[White "Ballard, A."]
[Black "Thomas, Courtney"]
[Result "0-1"]
[WhiteElo "1605"]
[BlackElo "1605"]
[PlyCount "66"]
[EventDate "1998.??.??"]

1. Nf3 d5 2. d4 Nf6 3. Nc3 Bf5 4. e3 e6 5. a3 c6 6. h3 h6 7. Bd2 Nbd7 8. Be2
Bd6 9. Nh4 Bh7 10. Nf3 O-O 11. h4 e5 12. Ng5 hxg5 13. hxg5 Ne4 14. Nxe4 dxe4
15. dxe5 Nxe5 16. Bc4 Nxc4 17. Qh5 Re8 18. Qxh7+ Kf8 19. Bc3 Qxg5 20. O-O-O
Rad8 21. Rd4 Ne5 22. Qxe4 Ng6 23. Qf3 Qe7 24. Qh5 Qc7 25. Qf3 Re6 26. Re4 Rxe4
27. Qxe4 Re8 28. Qf3 Be5 29. Bxe5 Qxe5 30. Qd1 Qc7 31. Qf3 Rd8 32. Rd1 Ne5 33.
Rxd8+ Qxd8 0-1

[Event "Michigan Class C"]
[Site "Grand Rapids, MI"]
[Date "1998.??.??"]
[Round "?"]
[White "Baker, T."]
[Black "Jensen, D."]
[Result "0-1"]
[WhiteElo "1605"]
[BlackElo "1605"]
[PlyCount "52"]
[EventDate "1998.01.??"]

1. e4 c5 2. Nf3 d6 3. d4 cxd4 4. Nxd4 Nc6 5. Nc3 a6 6. Be2 Nf6 7. Be3 e6 8. O-O
Be7 9. Qd2 Bd7 10. a4 Rc8 11. f4 d5 12. exd5 exd5 13. Nxc6 Bxc6 14. Bd4 O-O 15.
Qe3 Re8 16. Qg3 Qd6 17. Be5 Qe6 18. f5 Qxe5 19. Bd3 Qxg3 20. hxg3 Ng4 21. Ne2
Bc5+ 22. Kh1 Nf2+ 23. Rxf2 Bxf2 24. Rf1 Be3 25. f6 Re6 26. fxg7 Rh6# 0-1

[Event "Michigan Class C"]
[Site "Grand Rapids, MI"]
[Date "1998.??.??"]
[Round "?"]
[White "Baker, T."]
[Black "Belill, Mike"]
[Result "1/2-1/2"]
[WhiteElo "1605"]
[BlackElo "1605"]
[PlyCount "85"]
[EventDate "1998.01.??"]

1. e4 e5 2. Nf3 Nc6 3. Bb5 a6 4. Ba4 Nf6 5. O-O Be7 6. Re1 b5 7. Bb3 d6 8. c3
Na5 9. Bc2 c5 10. d4 Nc6 11. h3 O-O 12. Be3 Qc7 13. d5 Nb8 14. Nfd2 Nbd7 15.
Kh1 Re8 16. f4 c4 17. a4 Bb7 18. f5 Nc5 19. Qe2 Reb8 20. Na3 Bc8 21. axb5 axb5
22. Reb1 Bd7 23. Bg1 b4 24. Bxc5 Qxc5 25. Naxc4 bxc3 26. bxc3 Rxa1 27. Rxa1 g6
28. fxg6 hxg6 29. Qe3 Qxe3 30. Nxe3 Nh5 31. Ra7 Rd8 32. Ndc4 Kf8 33. Rb7 Bc8
34. Rb6 Ng3+ 35. Kh2 Ne2 36. Rb3 Ba6 37. Na5 Bg5 38. Nd1 Bf4+ 39. Kh1 Ng3+ 40.
Kg1 Ne2+ 41. Kh1 Ng3+ 42. Kg1 Ne2+ 43. Kh1 1/2-1/2

[Event "Michigan Class C"]
[Site "Grand Rapids, MI"]
[Date "1998.??.??"]
[Round "?"]
[White "Baker, T."]
[Black "Aldrich, Justin"]
[Result "1/2-1/2"]
[WhiteElo "1605"]
[BlackElo "1605"]
[PlyCount "120"]
[EventDate "1998.01.??"]

1. e4 e5 2. Nf3 Nc6 3. Bb5 d6 4. O-O Nf6 5. Re1 Be7 6. h3 Bd7 7. c3 O-O 8. Ba4
h6 9. d4 exd4 10. cxd4 a6 11. a3 Re8 12. Nc3 Nh7 13. Bb3 Ng5 14. Re3 Bf6 15.
Nxg5 hxg5 16. Ne2 g4 17. hxg4 Bxg4 18. f3 Bd7 19. Rd3 Rb8 20. Bf4 Bg5 21. Qd2
Bxf4 22. Qxf4 Qf6 23. Qxf6 gxf6 24. g4 f5 25. gxf5 Bxf5 26. Nf4 Bh7 27. Nd5 Kg7
28. Nxc7 Rh8 29. Re1 Bg6 30. Re2 Rbc8 31. Nd5 Na5 32. Rc2 Nxb3 33. Rxc8 Rxc8
34. Rxb3 Rc4 35. Rd3 Rc2 36. b4 Kf8 37. Kf1 Ke8 38. Ke1 Rc4 39. Kd2 Kd8 40. Ke3
Rc1 41. Rc3 Ra1 42. Nb6 Bh5 43. a4 Rb1 44. a5 Rxb4 45. Rc8+ Ke7 46. Nd5+ Kd7
47. Nxb4 Kxc8 48. Nd5 Bg6 49. Nf4 Bh7 50. d5 Kc7 51. Kd4 b6 52. axb6+ Kxb6 53.
Kc4 a5 54. Ne2 f5 55. Nc3 fxe4 56. fxe4 Ka6 57. Kd4 Kb6 58. e5 dxe5+ 59. Kxe5
Bg6 60. Kf6 Bh5 1/2-1/2

[Event "Michigan Class D/E"]
[Site "Grand Rapids, MI"]
[Date "1998.??.??"]
[Round "?"]
[White "Bainbridge, Chris"]
[Black "Roth, Bruce"]
[Result "0-1"]
[WhiteElo "1605"]
[BlackElo "1605"]
[PlyCount "60"]
[EventDate "1998.01.??"]

1. e4 c6 2. d4 d5 3. exd5 cxd5 4. Nf3 Bg4 5. Be2 Nc6 6. Bb5 e6 7. Bxc6+ bxc6 8.
O-O Bd6 9. Qd3 Nf6 10. Ng5 h6 11. Re1 hxg5 12. Bxg5 Bxh2+ 13. Kf1 Bf5 14. Qa6
Qb6 15. Qa4 Ne4 16. Nd2 Nxg5 17. Nb3 Qb5+ 18. Qxb5 cxb5 19. Nc5 Bxc2 20. Nb7
Bd3+ 21. Re2 Bxe2+ 22. Kxe2 O-O 23. Nd6 Bxd6 24. Rc1 Rac8 25. Rh1 Rc2+ 26. Ke3
Rxb2 27. f4 Ne4 28. g4 Rf2 29. Rh5 Bxf4+ 30. Kd3 Rd2# 0-1

[Event "Michigan Masters/Experts"]
[Site "Grand Rapids, MI"]
[Date "1998.??.??"]
[Round "?"]
[White "Bailey, Greg"]
[Black "Ward, Tom"]
[Result "0-1"]
[WhiteElo "2000"]
[BlackElo "2235"]
[PlyCount "36"]
[EventDate "1998.01.??"]

1. f4 Nf6 2. Nf3 d5 3. b3 Bg4 4. Ne5 Bf5 5. e3 h5 6. d3 e6 7. Be2 Nbd7 8. Nd2
Bb4 9. Bb2 Nxe5 10. Bxe5 Ng4 11. Bxg4 Bxg4 12. Qc1 Qh4+ 13. Kf1 O-O-O 14. Bxg7
Rhg8 15. Bb2 Bh3 16. gxh3 Qxh3+ 17. Ke1 Rg2 18. c3 Qg4 0-1

[Event "Kalamazoo Mini-Swiss.3"]
[Site "Kalamazoo, MI"]
[Date "1998.??.??"]
[Round "?"]
[White "Babcock, John"]
[Black "Thomas, Courtney"]
[Result "0-1"]
[WhiteElo "1605"]
[BlackElo "1605"]
[PlyCount "109"]
[EventDate "1998.??.??"]

1. d4 Nf6 2. c4 e6 3. Nc3 d5 4. Bg5 c6 5. e3 Be7 6. Bd3 Nbd7 7. Nf3 O-O 8. O-O
Re8 9. Re1 h6 10. Bh4 Nh7 11. Bxe7 Qxe7 12. Qc2 Nhf6 13. c5 a6 14. b4 b5 15. a4
Rb8 16. axb5 axb5 17. h3 e5 18. Ra7 Rb7 19. Rxb7 Bxb7 20. dxe5 Nxe5 21. Nxe5
Qxe5 22. Ne2 Ne4 23. Bxe4 Qxe4 24. Qxe4 Rxe4 25. Rb1 Bc8 26. Ng3 Rc4 27. Ne2
Rc2 28. Nd4 Ra2 29. Nxc6 Kf8 30. Nd4 Ke7 31. Nxb5 Ba6 32. Nd4 Bc4 33. b5 Ra5
34. c6 Kd6 35. b6 Rb5 36. Nxb5+ Kxc6 37. Nd4+ Kb7 38. f3 g6 39. e4 h5 40. e5
Bd3 41. f4 Bxb1 42. Kf2 Kxb6 43. Ke3 Be4 44. g4 h4 45. Kf2 Kc5 46. Ke3 Bg2 47.
f5 Bxh3 48. Nf3 Bxg4 49. Nxh4 gxf5 50. Kf4 d4 51. Ng2 d3 52. Ne3 d2 53. Kg5 Kd4
54. Kf4 Kd3 55. Nxg4 0-1

[Event "Michigan Amateur"]
[Site "Kalamazoo "]
[Date "1998.??.??"]
[Round "?"]
[White "Babcock, John"]
[Black "Schulte, Michael"]
[Result "0-1"]
[WhiteElo "1605"]
[BlackElo "1605"]
[PlyCount "104"]
[EventDate "1998.07.??"]

{7/18} 1. d4 Nf6 2. c4 e6 3. Nc3 d5 4. Nf3 Be7 5. e3 O-O 6. Bd3 dxc4 7. Bxc4 c5
8. O-O Nc6 9. a3 cxd4 10. Nxd4 Nxd4 11. Qxd4 Qxd4 12. exd4 Rd8 13. Be3 b6 14.
Rad1 Bb7 15. Be2 Nd5 16. Rc1 Rac8 17. Nxd5 Bxd5 18. Rc3 Rxc3 19. bxc3 Rc8 20.
Bd2 Bc4 21. Bxc4 Rxc4 22. Ra1 Kf8 23. Kf1 Ke8 24. Ke2 Kd7 25. f4 Kc6 26. a4 Bd8
27. Kd3 Kd5 28. Bc1 Bc7 29. g3 Bd6 30. h4 h5 31. Bd2 Rc8 32. Rb1 Rb8 33. Rb5+
Kc6 34. c4 g6 35. d5+ exd5 36. Rxd5 Rd8 37. a5 Bc7 38. Rxd8 Bxd8 39. a6 b5 40.
Be3 bxc4+ 41. Kxc4 Bb6 42. Bd4 f5 43. Be5 Bf2 44. Bb8 Kb6 45. Kd5 Bxg3 46. Ke6
Bxh4 47. Kf7 Bd8 48. Kxg6 h4 49. Be5 Kxa6 50. Bd4 Bb6 51. Kxf5 Bxd4 52. Kg4 Bf6
0-1

[Event "Michigan Amateur"]
[Site "Kalamazoo "]
[Date "1998.??.??"]
[Round "?"]
[White "Babcock, John"]
[Black "Krzyston, Joe"]
[Result "0-1"]
[WhiteElo "1605"]
[BlackElo "1605"]
[PlyCount "84"]
[EventDate "1998.07.??"]

{7/19} 1. d4 Nf6 2. c4 e6 3. Nc3 d6 4. Bf4 Nh5 5. Be3 c6 6. Nf3 Nf6 7. Bg5 h6
8. Bh4 g5 9. Bg3 Nbd7 10. e3 Nh5 11. c5 Nxg3 12. hxg3 dxc5 13. dxc5 Bxc5 14.
Ne4 Qa5+ 15. Qd2 Bb4 16. Nc3 Nc5 17. Rd1 O-O 18. Bd3 b5 19. O-O Ba6 20. Nd4
Rad8 21. Nxc6 Qb6 22. Nxb4 Bb7 23. Qc2 a5 24. Bh7+ Kh8 25. Bd3 axb4 26. Nxb5
Nxd3 27. Nd4 Ne5 28. Qe2 Ba6 29. Qh5 Kg7 30. Rfe1 Bb7 31. f4 Nc6 32. fxg5 Nxd4
33. Qxh6+ Kg8 34. Qf6 Qc6 35. Qf2 Qe4 36. exd4 Qf5 37. Qe3 Qd5 38. Rd2 f6 39.
Qxe6+ Kg7 40. Qxd5 Bxd5 41. Rc2 Bxa2 42. Re7+ Rf7 {[Remainder illegible]} 0-1

[Event "Kalamazoo Mini-Swiss.2"]
[Site "Kalamazoo, MI"]
[Date "1998.??.??"]
[Round "?"]
[White "Babcock, John"]
[Black "Evans, Joseph"]
[Result "1-0"]
[WhiteElo "1605"]
[BlackElo "1605"]
[PlyCount "163"]
[EventDate "1998.??.??"]

1. d4 d5 2. c4 Nf6 3. Nc3 Nc6 4. e3 Bg4 5. Nf3 e6 6. Be2 Be7 7. a3 O-O 8. b4
dxc4 9. Bxc4 Qd7 10. Be2 Rad8 11. b5 Na5 12. Ne5 Qd6 13. Nxg4 Nxg4 14. Bxg4 b6
15. O-O c6 16. Ne4 Qd7 17. bxc6 Nxc6 18. Bf3 f5 19. Nc3 Na5 20. Be2 Rc8 21. Bb2
Nc4 22. Bxc4 Rxc4 23. Qb3 Rcc8 24. Ne2 b5 25. Nf4 a5 26. Qxe6+ Qxe6 27. Nxe6
Rf6 28. d5 Rh6 29. Bxg7 Rh5 30. Rac1 Rc4 31. Rxc4 bxc4 32. a4 Bd6 33. f4 c3 34.
Bxc3 Rh6 35. Bxa5 Rf6 36. Rc1 Ba3 37. Rc8+ Kf7 38. Rf8+ Bxf8 39. Ng5+ Kg7 40.
Bc3 Bc5 41. Bxf6+ Kxf6 42. Kf2 h6 43. Nf3 Ke7 44. Nh4 Kf6 45. Kf3 Be7 46. g3 h5
47. e4 fxe4+ 48. Kxe4 Bd6 49. Nf5 Bc7 50. d6 Ba5 51. Ne7 Ke6 52. Nc8 Kd7 53.
Na7 Kxd6 54. Nb5+ Kc5 55. Nd4 Kb4 56. Nc6+ Kxa4 57. Nxa5 Kxa5 58. f5 Kb6 59.
Ke5 Kc7 60. Ke6 Kd8 61. Kf7 Kd7 62. f6 Kd8 63. Kf8 Kd7 64. f7 Kd8 65. Kg7 Kd7
66. f8=Q Ke6 67. Qf6+ Kd7 68. Qf5+ Ke7 69. Qxh5 Ke6 70. Qf7+ Ke5 71. h4 Ke4 72.
h5 Ke5 73. h6 Ke4 74. h7 Ke5 75. h8=R Kd6 76. Qe8 Kd5 77. Rh1 Kc5 78. Rc1+ Kd5
79. Rd1+ Kc5 80. Qc8+ Kb6 81. Rb1+ Ka7 82. Qb7# 1-0

[Event "Michigan Amateur"]
[Site "Kalamazoo "]
[Date "1998.??.??"]
[Round "?"]
[White "Babcock, John"]
[Black "Besher, Al"]
[Result "0-1"]
[WhiteElo "1605"]
[BlackElo "1605"]
[PlyCount "76"]
[EventDate "1998.07.??"]

{7/18} 1. d4 d5 2. c4 c6 3. Nc3 Nf6 4. Bf4 Bf5 5. e3 e6 6. Be2 Bb4 7. Nf3 Ne4
8. O-O Nxc3 9. bxc3 Bxc3 10. Rb1 Bxb1 11. Qb3 Bf5 12. Qxc3 O-O 13. h3 h6 14.
Bd3 Bxd3 15. Qxd3 Nd7 16. Qa3 dxc4 17. Nd2 b5 18. Rc1 Nf6 19. Bd6 Re8 20. e4 a5
21. e5 Nd5 22. Qg3 Qb6 23. Bc5 Qd8 24. Ne4 a4 25. Nd6 Re7 26. Re1 c3 27. Ba3 b4
28. Bc1 b3 29. Bxh6 g6 30. Bg5 b2 31. Qh4 f6 32. Bxf6 Rh7 33. Qg5 Nxf6 34. exf6
c2 35. Qxg6+ Kf8 36. f7 Rg7 37. Qh6 Qxd6 38. Rxe6 c1=Q+ 0-1

[Event "Michigan Beginners"]
[Site "Grand Rapids, MI"]
[Date "1998.??.??"]
[Round "?"]
[White "Avery, Robert"]
[Black "Zulauf, M."]
[Result "0-1"]
[WhiteElo "1605"]
[BlackElo "1605"]
[PlyCount "76"]
[EventDate "1998.01.??"]

1. e4 d5 2. exd5 Qxd5 3. Nc3 Qd8 4. Nf3 Nf6 5. Bc4 e6 6. d4 Bb4 7. Bd2 Nc6 8.
a3 Bxc3 9. Bxc3 O-O 10. Bd3 Nd7 11. Qd2 Re8 12. O-O-O e5 13. Qg5 Qxg5+ 14. Nxg5
g6 15. Bc4 Re7 16. Rhe1 h6 17. Nxf7 Rxf7 18. Bxf7+ Kxf7 19. dxe5 Nf8 20. Rd2
Bf5 21. Ree2 Re8 22. f3 h5 23. h3 h4 24. b4 b5 25. Bb2 a6 26. Re3 g5 27. Rde2
Ng6 28. Kb1 Nf4 29. Rd2 Kg6 30. Ka2 Be6+ 31. Kb1 Kf5 32. Rc3 Nxe5 33. Rc5 Bg8
34. Rxc7 Nc4 35. Rc5+ Kg6 36. Rc6+ Kh5 37. a4 Nxb2 38. Kxb2 Re6 {]Remainder
illegible]} 0-1

[Event "Michigan Beginners"]
[Site "Grand Rapids, MI"]
[Date "1998.??.??"]
[Round "?"]
[White "Avery, Robert"]
[Black "Nolan, Scott"]
[Result "1-0"]
[WhiteElo "1605"]
[BlackElo "1605"]
[PlyCount "43"]
[EventDate "1998.01.??"]

1. e4 e5 2. Nf3 Nc6 3. Bb5 d6 4. Nc3 Bd7 5. d4 exd4 6. Nxd4 Nxd4 7. Qxd4 Bxb5
8. Nxb5 a6 9. Nc3 Be7 10. Qxg7 Bf6 11. Qg4 Nh6 12. Bxh6 c6 13. Bg7 Bxg7 14.
Qxg7 Rf8 15. e5 d5 16. O-O-O f5 17. Rhe1 Rf7 18. Qg8+ Rf8 19. Qxh7 Qg5+ 20. Rd2
Qxg2 21. e6 Qg5 22. Qd7# 1-0

[Event "Michigan Beginners"]
[Site "Grand Rapids, MI"]
[Date "1998.??.??"]
[Round "?"]
[White "Avery, James"]
[Black "Nikitin, Matt"]
[Result "0-1"]
[WhiteElo "1605"]
[BlackElo "1605"]
[PlyCount "54"]
[EventDate "1998.01.??"]

1. e4 e5 2. Nf3 Nc6 3. Bb5 d6 4. Bxc6+ bxc6 5. O-O Nf6 6. Nc3 g6 7. b3 Bg7 8.
Bb2 O-O 9. Re1 Re8 10. Re3 Bg4 11. Ne2 Bxf3 12. Rxf3 Nxe4 13. d3 Ng5 14. Re3
Qf6 15. Nf4 Qxf4 16. Bc1 Qf5 17. g4 Qe6 18. f4 e4 19. f5 gxf5 20. h4 Bxa1 21.
hxg5 Bd4 22. Qf1 fxg4 23. Qf2 Qe5 24. Bb2 Bxb2 25. Rxe4 Qc5 26. Rxe8+ Rxe8 27.
d4 Bxd4 0-1

[Event "Michigan Open Reserve"]
[Site "Flint, MI"]
[Date "1998.??.??"]
[Round "?"]
[White "Avery, Bill"]
[Black "Mohammed, Azziem"]
[Result "0-1"]
[WhiteElo "1605"]
[BlackElo "1770"]
[PlyCount "84"]
[EventDate "1998.09.??"]

1. d4 Nf6 2. Nf3 d5 3. Bg5 Ne4 4. Bf4 e6 5. e3 Bd6 6. Bxd6 Qxd6 7. Nbd2 f5 8.
c4 c6 9. c5 Qc7 10. Be2 Nd7 11. O-O Ndf6 12. Ne5 Nxd2 13. Qxd2 O-O 14. b4 Nd7
15. f4 Nxe5 16. fxe5 Bd7 17. a4 a6 18. Qb2 b5 19. cxb6 Qxb6 20. Rac1 Rab8 21.
Rb1 Rb7 22. a5 Qa7 23. Qd2 Rfb8 24. Rb2 Be8 25. Rfb1 Rf7 26. g3 Kh8 27. Qc3
Rfb7 28. Qa3 Kg8 29. Qd3 Ra8 30. Qd1 g6 31. Qf1 Rf7 32. Qc1 Rb7 33. Qc3 Kf7 34.
g4 Rab8 35. gxf5 exf5 36. Qc5 Qxc5 37. dxc5 Ra8 38. Kg2 Ke6 39. Rf1 Kxe5 40.
Bd3 Rf7 41. Rf4 g5 42. Rff2 Rb8 0-1

[Event "Michigan Open Reserve"]
[Site "Flint, MI"]
[Date "1998.??.??"]
[Round "?"]
[White "Avery, Bill"]
[Black "Lynem, Charles"]
[Result "1-0"]
[WhiteElo "1605"]
[BlackElo "1605"]
[PlyCount "55"]
[EventDate "1998.09.??"]

1. d4 Nf6 2. Nf3 e6 3. Bg5 d5 4. e3 c5 5. c3 Nbd7 6. Nbd2 h6 7. Bh4 b6 8. Bb5
Bd6 9. Ne5 g5 10. Bg3 Bc7 11. Nc6 Bxg3 12. Nxd8 Kxd8 13. hxg3 Ke7 14. Nf3 a6
15. Bxd7 Bxd7 16. Ne5 Bb5 17. Qf3 Raf8 18. O-O-O Ne4 19. dxc5 bxc5 20. c4 Bxc4
21. Nxc4 dxc4 22. Qxe4 f5 23. Qb7+ Kf6 24. Rd7 h5 25. Rhd1 Rb8 26. Rf7+ Kg6 27.
Qe7 Rbe8 28. Qf6# 1-0

[Event "Michigan Open Reserve"]
[Site "Flint, MI"]
[Date "1998.??.??"]
[Round "?"]
[White "Avery, Bill"]
[Black "Houser, Rick"]
[Result "1-0"]
[WhiteElo "1605"]
[BlackElo "1605"]
[PlyCount "133"]
[EventDate "1998.09.??"]

1. d4 d5 2. Nf3 Bg4 3. e3 Nc6 4. c4 e6 5. Be2 Bxf3 6. Bxf3 Bb4+ 7. Bd2 Bxd2+ 8.
Nxd2 Nf6 9. O-O O-O 10. a3 a6 11. b4 b5 12. cxd5 exd5 13. Nb3 Ne4 14. Bxe4 dxe4
15. Qc2 Ne7 16. Rac1 Rc8 17. Qxe4 c6 18. Nc5 Ra8 19. Rc2 Re8 20. Qd3 g6 21.
Rfc1 h5 22. Nb3 Ra7 23. Rc5 Rc7 24. Na5 Qd7 25. Qc2 Rec8 26. e4 Qxd4 27. Rd1
Qf6 28. Nb3 Kf8 29. Qd2 Kg7 30. h3 Qe6 31. Qc3+ f6 32. f3 Rd7 33. Nd4 Qd6 34.
Nf5+ gxf5 35. Rxd6 Rxd6 36. e5 Nd5 37. exf6+ Nxf6 38. Rxf5 Kf7 39. Qc5 Rd5 40.
Rxd5 Nxd5 41. Qc2 Kf6 42. g4 hxg4 43. fxg4 Ne7 44. Qf2+ Kg6 45. h4 Kg7 46. g5
Rf8 47. Qd4+ Kg6 48. Qd6+ Kf7 49. h5 Rg8 50. Qf6+ Ke8 51. g6 Kd7 52. Qf7 a5 53.
g7 axb4 54. axb4 c5 55. bxc5 b4 56. h6 Rb8 57. c6+ Kxc6 58. Qxe7 Rb7 59. Qxb7+
Kxb7 60. g8=Q Kb6 61. Qb3 Kb5 62. h7 Kc5 63. h8=Q Kb5 64. Qc8 Ka5 65. Qb8 Ka6
66. Q8xb4 Ka7 67. Q3a3# 1-0

[Event "Michigan Class C"]
[Site "Grand Rapids, MI"]
[Date "1998.??.??"]
[Round "?"]
[White "Avery, Bill"]
[Black "Bloch, Hermann"]
[Result "1/2-1/2"]
[WhiteElo "1605"]
[BlackElo "1605"]
[PlyCount "124"]
[EventDate "1998.01.??"]

1. d4 d5 2. Nf3 Nf6 3. Bf4 Nc6 4. e3 Nh5 5. Bg5 f6 6. Bh4 Bg4 7. Be2 g5 8. Nxg5
Bxe2 9. Qxe2 Ng7 10. Nf3 Qd7 11. c4 dxc4 12. Qxc4 Nf5 13. O-O Nxh4 14. Nxh4 Qg4
15. Nf3 Rg8 16. Ne1 Rg6 17. Nd2 Qd7 18. Rc1 e6 19. a3 f5 20. b4 a6 21. Nb3
O-O-O 22. Nd3 Qd5 23. Qxd5 exd5 24. Nbc5 Bh6 25. f4 Bg7 26. Rc2 Re8 27. Ne5
Nxe5 28. dxe5 Bf8 29. Rfc1 c6 30. Nb3 h5 31. Nd4 a5 32. b5 Bxa3 33. Ra1 Bb4 34.
bxc6 b6 35. c7 Rf8 36. Nb5 Kb7 37. Rd1 Rc6 38. Rxc6 Kxc6 39. Nd4+ Kd7 40. Rc1
Bc5 41. Kf2 h4 42. Rc3 a4 43. g3 h3 44. Kf3 a3 45. Nb3 a2 46. Nxc5+ bxc5 47.
Ra3 Rc8 48. Rxa2 Rxc7 49. g4 fxg4+ 50. Kxg4 c4 51. Rc2 Ke6 52. Kxh3 Kf5 53. Kg3
c3 54. Kf3 Rc4 55. h4 d4 56. exd4 Rxd4 57. Rxc3 Rxf4+ 58. Kg3 Rg4+ 59. Kh3 Re4
60. Rf3+ Kxe5 61. h5 Ra4 62. h6 Ra6 1/2-1/2

[Event "Michigan Class C"]
[Site "Grand Rapids, MI"]
[Date "1998.??.??"]
[Round "?"]
[White "Avery, Bill"]
[Black "Belill, Mike"]
[Result "1-0"]
[WhiteElo "1605"]
[BlackElo "1605"]
[PlyCount "73"]
[EventDate "1998.01.??"]

1. d4 Nf6 2. Nf3 d5 3. Bf4 e6 4. e3 Be7 5. h3 Nbd7 6. Bd3 c5 7. c3 Ne4 8. Qc2
f5 9. Nbd2 c4 10. Be2 O-O 11. Nxe4 fxe4 12. Nd2 Qe8 13. O-O Bf6 14. f3 e5 15.
Bh2 exd4 16. cxd4 Bg5 17. f4 Bh4 18. a4 Qg6 19. b3 Nf6 20. Kh1 Bg3 21. bxc4 Bh4
22. cxd5 Nxd5 23. Bc4 Be6 24. Qxe4 Rf5 25. Nf3 Qf6 26. Nxh4 Rh5 27. Nf3 Rd8 28.
Ng5 Bf7 29. Nxf7 Qxf7 30. Qf3 Kh8 31. e4 Qc7 32. exd5 Qxc4 33. Qxh5 Qxd4 34.
Rfe1 h6 35. Re8+ Rxe8 36. Qxe8+ Kh7 37. Qe5 1-0